000
00253nam a2200097Ia 4500
001
684202
005
20250826161453.0
008
250824s9999 xx 000 0 und d
245
0
_a
BİZE GÖRE (ANTİK)
_c
AHMET HAŞİM
260
_b
ANTİK DÜNYA KLASİKLERİ
999
_c
684202
_d
684202